The last battle (Record no. 68247)

000 -LEADER
fixed length control field 00436nam a22001697a 4500
003 - CONTROL NUMBER IDENTIFIER
control field NUST - PNEC
005 - DATE AND TIME OF LATEST TRANSACTION
control field 20170116181046.0
008 - FIXED-LENGTH DATA ELEMENTS--GENERAL INFORMATION
fixed length control field 150928b xxu||||| |||| 00| 0 eng d
020 ## - INTERNATIONAL STANDARD BOOK NUMBER
International Standard Book Number -
040 ## - CATALOGING SOURCE
Transcribing agency LIBRARY
082 ## - DEWEY DECIMAL CLASSIFICATION NUMBER
Edition number -
Classification number 940.5421 RYA
100 ## - MAIN ENTRY--PERSONAL NAME
9 (RLIN) 11728
Personal name Ryan, Cornelius
245 ## - TITLE STATEMENT
Title The last battle
Statement of responsibility, etc. Cornelius Rayan
260 ## - PUBLICATION, DISTRIBUTION, ETC.
Date of publication, distribution, etc. c.1982
650 ## - SUBJECT ADDED ENTRY--TOPICAL TERM
9 (RLIN) 11729
Topical term or geographic name entry element Berlin, Battle of (Germany : 1945)
General subdivision General
942 ## - ADDED ENTRY ELEMENTS (KOHA)
Source of classification or shelving scheme
Koha item type Book
Holdings
Withdrawn status Lost status Source of classification or shelving scheme Damaged status Not for loan Permanent Location Current Location Shelving location Date acquired Source of acquisition Total Checkouts Full call number Barcode Date last seen Price effective from Koha item type Coded location qualifier
          Pakistan Navy Engineering College (PNEC) Pakistan Navy Engineering College (PNEC)     -   940.5421 RYA PNECLIB-007164 09/28/2015   Book  
          Pakistan Navy Engineering College (PNEC) Pakistan Navy Engineering College (PNEC)     -   940.5421 RYA PNECLIB-007167 09/28/2015   Book  
          Pakistan Navy Engineering College (PNEC) Pakistan Navy Engineering College (PNEC)         940.5421 RYA PNECLIB-007170 09/28/2015   Book -
          Pakistan Navy Engineering College (PNEC) Pakistan Navy Engineering College (PNEC)     -   940.5421 RYA PNECLIB-007163 09/28/2015   Book  
          Pakistan Navy Engineering College (PNEC) Pakistan Navy Engineering College (PNEC)     -   940.5421 RYA PNECLIB-007159 09/28/2015   Book  
          Pakistan Navy Engineering College (PNEC) Pakistan Navy Engineering College (PNEC)     -   940.5421 RYA PNECLIB-07162 09/28/2015   Book  
          Pakistan Navy Engineering College (PNEC) Pakistan Navy Engineering College (PNEC)     -   940.5421 RYA PNECLIB-007166 09/28/2015   Book  
          Pakistan Navy Engineering College (PNEC) Pakistan Navy Engineering College (PNEC)         940.5421 RYA PNECLIB-007172 09/28/2015   Book -
          Pakistan Navy Engineering College (PNEC) Pakistan Navy Engineering College (PNEC)     -   940.5421 RYA PNECLIB-007161 09/28/2015   Book  
          Pakistan Navy Engineering College (PNEC) Pakistan Navy Engineering College (PNEC)     -   940.5421 RYA PNECLIB-007173 09/28/2015   Book  
          Pakistan Navy Engineering College (PNEC) Pakistan Navy Engineering College (PNEC)         940.5421 RYA PNECLIB-007171 09/28/2015   Book  
          Pakistan Navy Engineering College (PNEC) Pakistan Navy Engineering College (PNEC)         940.5421 RYA PNECLIB-007169 09/28/2015   Book  
          Pakistan Navy Engineering College (PNEC) Pakistan Navy Engineering College (PNEC)     -   940.5421 RYA PNECLIB-007168 09/28/2015   Book  
© 2023 Central Library, National University of Sciences and Technology. All Rights Reserved.